| 000 | 00681nam a22002057a 4500 | ||
|---|---|---|---|
| 005 | 20130924110239.0 | ||
| 010 | _aB-512617 | ||
| 020 |
_a9789380618319 _c995.00 |
||
| 035 | _aB-512617 | ||
| 037 | _bBSB/Ven. | ||
| 082 | _a547.23 | ||
| 100 | _aAhluwalia, V.K. | ||
| 245 |
_aOxidations in organic systhesis / _cby V.K. Ahluwalia |
||
| 260 |
_aNew Delhi _bAne Books _c2012 |
||
| 270 |
_a4821, Parwana Bhawan, 1st Floor, 24 Ansari Road, Darya Ganj _bNew Delhi _e110002 |
||
| 300 |
_axvi,323p. _c24cm(Hb) _bill. |
||
| 500 | _aIncludes index | ||
| 942 |
_2ddc _cEN _mAHL _h547.23 |
||
| 999 |
_c79046 _d79046 |
||